Unjust enrichment : emerging juridprudence (Record no. 191770)
[ view plain ]
| 000 -LEADER | |
|---|---|
| fixed length control field | 00424nam a2200157Ia 4500 |
| 005 - DATE AND TIME OF LATEST TRANSACTION | |
| control field | 20250407085808.0 |
| 008 - FIXED-LENGTH DATA ELEMENTS--GENERAL INFORMATION | |
| fixed length control field | 231217s9999 xx 000 0 und d |
| 020 ## - INTERNATIONAL STANDARD BOOK NUMBER | |
| International Standard Book Number | 9788131417812 |
| 082 ## - DEWEY DECIMAL CLASSIFICATION NUMBER | |
| Classification number | 341.66 RAD;1 R |
| 100 ## - MAIN ENTRY--PERSONAL NAME | |
| Personal name | Radhika, G. ed. |
| 245 #0 - TITLE STATEMENT | |
| Title | Unjust enrichment : emerging juridprudence |
| 260 ## - PUBLICATION, DISTRIBUTION, ETC. (IMPRINT) | |
| Date of publication, distribution, etc. | 2009 |
| Name of publisher, distributor, etc. | Icfai |
| Place of publication, distribution, etc. | Hyderabad |
| 300 ## - PHYSICAL DESCRIPTION | |
| Extent | vii, 210 |
| 650 ## - SUBJECT ADDED ENTRY--TOPICAL TERM | |
| Topical term or geographic name as entry element | Unjust,enrichment,juridprudence |
| 942 ## - ADDED ENTRY ELEMENTS (KOHA) | |
| Koha item type | Books |
| Date last seen | Total Checkouts | Full call number | Accession number | Old discount | Cost, replacement price | Price effective from | Category | Public note | Lost status | Damaged status | Department | Withdrawn status | bill no. | bill date | Permanent Location | Current Location | Shelving location | Entry date | Vendor | Cost, normal purchase price | Grants | Currency symbol | Conversion rate | Discount | Discount type |
|---|---|---|---|---|---|---|---|---|---|---|---|---|---|---|---|---|---|---|---|---|---|---|---|---|---|
| 26/01/2024 | 341.66 RAD;1 R | 72959 | 38.00 | 26/01/2024 | Books | 72959 | Central Library | 1993 | 18/01/2016 | Central Library | Central Library | Central Library | ICFAI Press | 38.00 | MBA | RS | 1 | Rupees | |||||||
| 26/01/2024 | 341.66 RAD;2 R1 | 72960 | 38.00 | 26/01/2024 | Books | 72960 | F-Block Annex | 1993 | 18/01/2016 | Central Library | Central Library | F-Block Library Annex | ICFAI Press | 38.00 | MBA | RS | 1 | Rupees |
